Best-Selling Books of All Time - Statistics

General Stats
  • This quiz has been taken 266 times
    254 since last reset
  • The average score is 6 of 36
Answer Stats
Answer % Correct
The Bible
89%
Harry Potter and the Philosopher's Stone
45%
The Lord of the Rings
45%
Harry Potter and the Chamber of Secrets
36%
The Hobbit
36%
Harry Potter and the Goblet of Fire
35%
Harry Potter and the Prisoner of Azkaban
35%
Harry Potter and the Deathly Hallows
34%
Harry Potter and the Half-Blood Prince
32%
Harry Potter and the Order of the Phoenix
31%
Quran
31%
The Da Vinci Code
31%
The Catcher In The Rye
21%
The Lion, The Witch and the Wardrobe
21%
A Tale of Two Cities
16%
Don Quixote
11%
Lolita
11%
The Alchemist
7%
The Little Prince
7%
And Then There Were None
6%
One Hundred Years of Solitude
5%
Black Beauty
4%
Anne of Green Gables
3%
Charlotte's Web
3%
Heidi's Years of Wandering and Learning
3%
The Name of the Rose
3%
Watership Down
3%
Dream Of The Red Chamber
1%
She: A History of Adventure
1%
The Bridges of Madison County
1%
The Common Sense Book of Baby and Child Care
1%
The Eagle Has Landed
1%
The Ginger Man
1%
Xinhua Zidian
1%
The Hite Report
0%
Think and Grow Rich
0%
No matching quizzes found
Score Distribution
Percent of People with Each Score
Percentile by Number Answered
Your Score History
You have not taken this quiz since the last reset